Fr. Conceicao Rodrigues College of Engineering

TEXT BOOK OF ENGG. MATHS-II (Record no. 26251)

MARC details
000 -LEADER
fixed length control field 00277nam a2200133Ia 4500
082 ## - DEWEY DECIMAL CLASSIFICATION NUMBER
Classification number 519/GAN
100 ## - MAIN ENTRY--PERSONAL NAME
Personal name GANESH A.
245 ## - TITLE STATEMENT
Title TEXT BOOK OF ENGG. MATHS-II
260 ## - PUBLICATION, DISTRIBUTION, ETC.
Name of publisher, distributor, etc. CBS
Place of publication, distribution, etc. New Delhi
Date of publication, distribution, etc. 2011
366 ## - TRADE AVAILABILITY INFORMATION
Publishers's discount category 20
546 ## - LANGUAGE NOTE
Language note ENGLISH
650 ## - SUBJECT ADDED ENTRY--TOPICAL TERM
Topical term or geographic name entry element Mathematics
942 ## - ADDED ENTRY ELEMENTS (KOHA)
Koha item type BOOK
Holdings
Withdrawn status Lost status Damaged status Not for loan Collection Home library Current library Date acquired Source of acquisition Cost, normal purchase price Inventory number Total Checkouts Full call number Barcode Date last seen Cost, replacement price Price effective from Koha item type
        AFT Fr. Agnel's C.Rodrigues College of Engineering Fr. Agnel's C.Rodrigues College of Engineering 17/03/2023 Book Service Syndicate 208.00 INDENT NO.2088   519/GAN AFT8252 17/03/2023 260.00   BOOK
        AFT Fr. Agnel's C.Rodrigues College of Engineering Fr. Agnel's C.Rodrigues College of Engineering 17/03/2023 Book Service Syndicate 208.00 INDENT NO.2088   519/GAN AFT8253 17/03/2023 260.00   BOOK